| 000 | 00822nam a2200229 u 4500 | ||
|---|---|---|---|
| 005 | 20210223131406.0 | ||
| 008 | 080312s2004 r 000 0 eng d | ||
| 020 | _a9707560444 (Las plantas) | ||
| 020 | _a9707560401 (Colección) | ||
| 035 | _aUPN01000178080 | ||
| 049 | _aI | ||
| 050 | 4 |
_aQ182.3 Q4.3 _bN4.6 |
|
| 100 | 1 |
_aNessmann, Philippe, _d1967- _935988 |
|
| 245 | 1 | 4 |
_aLas plantas / _cNessman Philippe ; il. Peter Allen ; tr. María Isabel Hernández Guerra. |
| 260 |
_aMéxico : _bCorreo del Maestro : _bLa Vasija, _cc2004. |
||
| 300 |
_a23 p. : _bprincipalmente il. col. |
||
| 440 | 1 |
_a¿Qué es eso?. _pA partir de los 6 años |
|
| 650 | 4 |
_aCIENCIA - _xEXPERIMENTOS - _vLITERATURA INFANTIL _913449 |
|
| 650 | 4 |
_aPLANTAS - _vLITERATURA INFANTIL _91132 |
|
| 700 | 1 |
_aAllen, Peter, _eil. _930625 |
|
| 905 | _aInfantil | ||
| 999 |
_c150183 _d150183 |
||